Central Library OPAC University of Rajshahi

History of modern world : (Record no. 63034)

MARC details
000 -LEADER
fixed length control field 00724nam a2200229 a 4500
001 - CONTROL NUMBER
control field 63034
003 - CONTROL NUMBER IDENTIFIER
rucl marc code BD-RjUL
005 - DATE AND TIME OF LATEST TRANSACTION
control field 20211209081143.0
008 - FIXED-LENGTH DATA ELEMENTS--GENERAL INFORMATION
fixed length control field 170128s1992 i b 001 0 eng d
035 ## - SYSTEM CONTROL NUMBER
System control number (BD-RjUL)63162
040 ## - CATALOGING SOURCE
Original cataloging agency DLC
Transcribing agency CIN
Modifying agency m.c
-- SER
-- BD-RjUL
Language of cataloging eng
041 1# - LANGUAGE CODE
Language code of text/sound track or separate title eng
Language code of original ger
082 ## - DEWEY DECIMAL CLASSIFICATION NUMBER
Classification number 909.82
Author mark and year CHH 1992
100 ## - MAIN ENTRY--PERSONAL NAME
Personal name Chhabra, H. K.
9 (RLIN) 85413
245 12 - TITLE STATEMENT
Title History of modern world :
Remainder of title [since 1914 A. D.1945] (the study of international relations) /
260 ## - PUBLICATION, DISTRIBUTION, ETC. (IMPRINT)
Place of publication, distribution, etc. Dehi :
Name of publisher, distributor, etc. Surjeet Publications,
Date of publication, distribution, etc. 1992
300 ## - PHYSICAL DESCRIPTION
Pagination v, 396 p. :
Size 19 cm.
504 ## - BIBLIOGRAPHY, ETC. NOTE
Bibliography, etc Includes bibliography (p. 293-295) and index.
650 ## - SUBJECT ADDED ENTRY--TOPICAL TERM
Topical term or geographic name as entry element Europe -- History.
9 (RLIN) 189142
Topical term or geographic name as entry element History, Modern.
9 (RLIN) 189143
942 ## - ADDED ENTRY ELEMENTS (KOHA)
Source of classification or shelving scheme Dewey Decimal Classification
Koha item type Books
Holdings
Lost status Source of classification or shelving scheme Damaged status Not for loan Collection code Permanent Location Current Location Shelving location Date acquired Source of acquisition Cost, normal purchase price Total Checkouts Full call number Date last seen Copy number Koha item type Date checked out
  Dewey Decimal Classification   Not For Loan Non-fiction Central Library, University of Rajshahi Central Library, University of Rajshahi Reading Room 20/06/1999 Ankur Prokasoni, Dhaka 93.00   909.82 CHH 1992 28/01/2017 C-1 Books  
  Dewey Decimal Classification     Non-fiction Central Library, University of Rajshahi Central Library, University of Rajshahi Reading Room 20/06/1999 Dhaka paragon enterprises ltd. 93.00 1 909.82 CHH 1992 24/04/2019 C-2 Books 16/04/2019